000 01303cad a22002535a 4500
001 E147934
008 090702s2009 xxk f l s000 0 eng d
035 _a(Sirsi) u147934
041 0 _aeng
110 2 _aScotland
_kLaws, etc
245 0 4 _aThe Community Right to Buy (Prescribed Form of Application and Notices) (Scotland) Regulations 2009
_h[electronic resource]
260 _aEdinburgh
_bScottish Government
_c2009
490 0 _aScottish Statutory Instrument
_v2009: 156
520 _aThese Regulations set out the form of application and notices to use in relation to various procedures under Part 2 (Community Right to Buy) of the Land Reform (Scotland) Act 2003. Schedule 1 sets out the new form of application to be completed by a community body where it wishes to re register an interest in land.
520 _aComes into force 15 June 2009.
521 _aAdvanced
590 _aKA
650 2 4 _aLAND REFORM (SCOTLAND) ACT 2003
650 2 4 _aCOMMUNITY RIGHT TO BUY (PRESCRIBED FORM OF APPLICATION AND NOTICES) (SCOTLAND) REGULATIONS 2009
651 4 _aScotland
_y1999-
690 _aPlanning and development
_96259
856 4 0 _uhttps://www.opsi.gov.uk/legislation/scotland/ssi2009/ssi_20090156_en_1
_zView the statutory instrument free of charge at www.opsi.gov.uk...
942 _n0
999 _c109800
_d109800